Analysis on the market acces strategy for CPO product to the Visegrad 4 countries diplomová práca

Gespeichert in:
Bibliographische Detailangaben
1. Verfasser: Wulandari, Meylia
Körperschaft: Ekonomická univerzita v Bratislave. Fakulta medzinárodných vzťahov
Weitere Verfasser: Grešš, Martin, 1978-
Format: Buch
Sprache:Englisch
Veröffentlicht: Bratislava 2010
Tags: Tag hinzufügen
Keine Tags, Fügen Sie das erste Tag hinzu!

MARC

LEADER 00000nam a2200000 4500
001 0121895
005 20240318114117.4
041 0 |a eng 
044 |a SK 
245 1 0 |a Analysis on the market acces strategy for CPO product to the Visegrad 4 countries  |b diplomová práca  |c Meylia Wulandari ; škol. Martin Grešš 
264 1 |a Bratislava  |c 2010 
300 |a 77 s. 
100 1 |a Wulandari, Meylia 
700 1 |a Grešš, Martin, 1978- 
710 2 |a Ekonomická univerzita v Bratislave. Fakulta medzinárodných vzťahov